000 00645nam a2200205Ia 4500
001 15851
003 GE_BSU
008 181216s||||||||xx |||||||||||||| ||und||
040 _cGE_BSU
080 _a821.353.1-1 + 821.353.1-11
100 _aჭიჭინაძე, კ.
245 _aრჩეული ლექსები და პოემები
245 _cრედ. რ. გვეტაძე
260 _aთბილისი
260 _bფედერაცია
260 _c1939.
300 _a133გვ. ; 18სმ
653 _aრჩეული ლექსები და პოემები
942 _cBK
999 _c48948
_d48948